000 00672nam a2200289Ia 4500
008 160525s9999||||xx |||||||||||||| ||und||
020 _a81-260-1575-5
040 _cEnglish
082 _aXV.G/Shankaracharya
082 _bBORI-90355
100 _aS. B. Raghunathacharya
245 _aSankaracarya
250 _bFirst
260 _bSahitya Akademi
300 _a81
300 _cB
300 _ePaperback
530 _u00090355.pdf
563 _aRef
600 _aS. B. Raghunathacharya
630 _aSankaracarya
650 _aBiography
650 _aReference
700 _aS. B. Raghunathacharya
730 _aSankaracarya
942 _cBOOK
999 _c1384656
_d1384653